000 00582nam a2200169 i 4500
001 77436
003 ES-MaACL
005 20230906173216.0
007 t|
008 041008s1966 sp ||||1| spa d
100 1 _aHammond, John.
_961685
245 1 0 _aPrincipios de la explotación animal
_b: reproducción, crecimiento y herencia /
_cJohn Hammond ; versión por Francisco Puchal Más.
260 _aZaragoza :
_bAcribia,
_c[1966] (
_fHeraldo de Aragón)
300 _a363 p. :
_bil. ;
_c22 cm.
700 1 _aPuchal Más, Francisco.
_994115
852 _aES-MaACL
_jC-31091
_bR.61797
999 _c77436
_d77436